Рекомендации по выполнению сочленений регулирующих органов с исполнительными механизмами (Запись № 9162378)

Подробности
000 -МАРКЕР
контрольное поле 01444nam0a22002891 4500
001 - ИДЕНТИФИКАТОР ЗАПИСИ
контрольное поле rc\4972464
005 - ИДЕНТИФИКАТОР ВЕРСИИ
контрольное поле 20130430130513.6
021 ## - НОМЕР ГОСУДАРСТВЕННОЙ РЕГИСТРАЦИИ
Код страны Российская Федерация
Номер [67-49512]
035 ## - ДРУГИЕ СИСТЕМНЫЕ НОМЕРА
Идентификатор записи (NLR Aleph) 008977161
100 ## - ДАННЫЕ ОБЩЕЙ ОБРАБОТКИ
Данные общей обработки 20130430d1967 |||y0rusy50 ca
101 0# - ЯЗЫК РЕСУРСА
Язык текста, звукозаписи и т.д. русский
102 ## - СТРАНА ПУБЛИКАЦИИ ИЛИ ПРОИЗВОДСТВА
Страна публикации Российская Федерация
105 ## - ПОЛЕ КОДИРОВАННЫХ ДАННЫХ: ТЕКСТОВЫЕ МАТЕРИАЛЫ, МОНОГРАФИЧЕСКИЕ
Кодированные данные о монографическом текстовом документе a z |||||
200 1# - ЗАГЛАВИЕ И СВЕДЕНИЯ ОБ ОТВЕТСТВЕННОСТИ
Основное заглавие Рекомендации по выполнению сочленений регулирующих органов с исполнительными механизмами
Первые сведения об ответственности М-во энергетики и электрификации СССР. Техн. упр. по эксплуатации энергосистем. Всесоюз. гос. трест по организации и рационализации район. электр. станций и сетей "Оргрэс". БТИ
210 ## - ПУБЛИКАЦИЯ, РАСПРОСТРАНЕНИЕ И ДР.
Место издания, распространения и т.д. Москва
Имя издателя, распространителя и т. д. Б. и.
Дата издания, распространения и т.д. 1967
215 ## - ФИЗИЧЕСКАЯ ХАРАКТЕРИСТИКА
Специфическое обозначение материала и объем 10 с.
Другие сведения о физической характеристике черт.
Размеры 19
300 ## - ОБЩИЕ ПРИМЕЧАНИЯ
Текст примечания На обороте тит. л. авт.: инженеры В.С. Кронгауз и Ю.Е. Ланюк
606 ## - НАИМЕНОВАНИЕ ТЕМЫ КАК ПРЕДМЕТ
Наименование темы Электрические станции
Тематический подзаголовок Оборудование
-- Управление дистанционное
Код системы psbo
701 #1 - ИМЯ ЛИЦА - АЛЬТЕРНАТИВНАЯ ОТВЕТСТВЕННОСТЬ
Начальный элемент ввода Кронгауз
Часть имени, кроме начального элемента ввода В. С.
701 #1 - ИМЯ ЛИЦА - АЛЬТЕРНАТИВНАЯ ОТВЕТСТВЕННОСТЬ
Начальный элемент ввода Ланюк
Часть имени, кроме начального элемента ввода Ю. Е.
712 02 - НАИМЕНОВАНИЕ ОРГАНИЗАЦИИ - ВТОРИЧНАЯ ОТВЕТСТВЕННОСТЬ
Начальный элемент ввода "Оргрэс", трест
Идентифицирующий признак Москва
Идентификатор авторитетной/нормативной записи RU\NLR\AUTH\8810166155
801 #0 - ИСТОЧНИК ЗАПИСИ
Страна Российская Федерация
Организация NLR
Правила каталогизации psbo
801 #1 - ИСТОЧНИК ЗАПИСИ
Страна Российская Федерация
Организация ELAR
Источник данных rusmarc
852 ## - МЕСТОНАХОЖДЕНИЕ И ШИФР ХРАНЕНИЯ
Идентификатор организации NLR
Шифр хранения (Call Number) 67-4/12433
942 ## - ДОПОЛНИТЕЛЬНЫЕ ЭЛЕМЕНТЫ ЗАПИСИ (АБИС)
Тип экземпляра АБИС Книга
980 ## - КОЛЛЕКЦИЯ
Название коллекции Национальная библиография
Экземпляры
Тип экземпляра Дата поступления Библиотека постоянного хранения Библиотека текущего хранения Место хранения Шифр хранения Штрих-код Статус экземпляра
Книга 26.10.2013 РНБ (Московский) РНБ (Московский) Русский книжный фонд: издания с 1957 года 67-4/12433 8977161-10